[Event "La Pobla de Lillet op"]
[Site "La Pobla de Lillet ESP"]
[Date "2011.08.07"]
[Round "6.9"]
[White "Tejero Royo, F.."]
[Black "Oms Pallisse, J.."]
[Result "0-1"]
[WhiteElo "2094"]
[BlackElo "2489"]
[PlyCount "56"]
[EventDate "2011.08.02"]
[EventType "swiss"]
[EventRounds "9"]
[EventCountry "ESP"]
[SourceTitle "Ajedrez en Madrid"]
[Source "lmi"]
[SourceDate "2020.06.24"]
[SourceVersion "1"]
[SourceVersionDate "2020.06.25"]
[SourceQuality "1"]

1. d4 Nf6 2. c4 e6 3. Nc3 Bb4 4. a3 Bxc3+ 5. bxc3 c5 6. f3 Qa5 7. Bd2 d6 8. e4
e5 9. Bd3 Nc6 10. Ne2 h6 11. O-O Qc7 12. d5 Ne7 13. g4 g5 14. Ng3 Ng6 15. Bc2
Kd8 16. Kf2 Qe7 17. Rh1 Nf4 18. Nf5 Bxf5 19. gxf5 Kc7 20. Bxf4 exf4 21. h4 Rag8
22. hxg5 hxg5 23. Rxh8 Rxh8 24. Qg1 Qe5 25. Bd3 g4 26. fxg4 Rh2+ 27. Kf3 Rh3+
28. Ke2 Qxc3 0-1

[Event "La Pobla de Lillet op"]
[Site "La Pobla de Lillet ESP"]
[Date "2011.08.07"]
[Round "6.10"]
[White "Dominguez Carmona, M.."]
[Black "Panelo Muñoz, MA.."]
[Result "0-1"]
[WhiteElo "2071"]
[BlackElo "2413"]
[PlyCount "68"]
[EventDate "2011.08.02"]
[EventType "swiss"]
[EventRounds "9"]
[EventCountry "ESP"]
[SourceTitle "Ajedrez en Madrid"]
[Source "lmi"]
[SourceDate "2020.06.24"]
[SourceVersion "1"]
[SourceVersionDate "2020.06.25"]
[SourceQuality "1"]

1. d4 Nf6 2. c4 e6 3. Nf3 Bb4+ 4. Bd2 Qe7 5. g3 Nc6 6. Bg2 Bxd2+ 7. Nbxd2 d6 8.
O-O O-O 9. Rc1 e5 10. d5 Nb8 11. e4 a5 12. b3 Na6 13. a3 Bg4 14. h3 Bh5 15. Qc2
Nd7 16. Rb1 c6 17. dxc6 bxc6 18. b4 axb4 19. axb4 c5 20. bxc5 Naxc5 21. Ra1
Bxf3 22. Bxf3 Ne6 23. Nb3 Ndc5 24. Rxa8 Rxa8 25. Rb1 g6 26. Kg2 h5 27. Qd1 Qf6
28. Na1 Ra2 29. Nc2 Ng5 30. Rc1 Nxf3 31. Qxf3 Qxf3+ 32. Kxf3 Nb3 33. Rd1 Rxc2
34. Rxd6 Nd2+ 0-1

[Event "La Pobla de Lillet op"]
[Site "La Pobla de Lillet ESP"]
[Date "2011.08.07"]
[Round "6.22"]
[White "Travesset Barba, J.."]
[Black "Marca Esturnell, JM.."]
[Result "1-0"]
[WhiteElo "2094"]
[BlackElo "1861"]
[PlyCount "59"]
[EventDate "2011.08.02"]
[EventType "swiss"]
[EventRounds "9"]
[EventCountry "ESP"]
[SourceTitle "Ajedrez en Madrid"]
[Source "lmi"]
[SourceDate "2020.06.24"]
[SourceVersion "1"]
[SourceVersionDate "2020.06.25"]
[SourceQuality "1"]

1. d4 Nf6 2. c4 g6 3. Nc3 c5 4. d5 d6 5. e4 Bg7 6. Nf3 O-O 7. Be2 e5 8. Bg5 a6
9. Qd2 Re8 10. h4 Qa5 11. Nh2 b5 12. Bxf6 Bxf6 13. h5 bxc4 14. hxg6 fxg6 15.
Ng4 Bxg4 16. Bxg4 Ra7 17. Qh6 Rg7 18. Be6+ Kh8 19. g3 Qc7 20. O-O-O Nd7 21. Qe3
Qd8 22. Kc2 Nf8 23. Bg4 Qa5 24. Rd2 Rb7 25. Kc1 Reb8 26. Rc2 Qd8 27. Be2 Rf7
28. Rf1 Nd7 29. Bxc4 Qe7 30. Qe2 1-0

[Event "La Pobla de Lillet op"]
[Site "La Pobla de Lillet ESP"]
[Date "2011.08.07"]
[Round "6.28"]
[White "Capell Guix, S.."]
[Black "Koch, T.."]
[Result "1-0"]
[WhiteElo "1684"]
[BlackElo "2079"]
[PlyCount "49"]
[EventDate "2011.08.02"]
[EventType "swiss"]
[EventRounds "9"]
[EventCountry "ESP"]
[SourceTitle "Ajedrez en Madrid"]
[Source "lmi"]
[SourceDate "2020.06.24"]
[SourceVersion "1"]
[SourceVersionDate "2020.06.25"]
[SourceQuality "1"]

1. e4 e5 2. f4 exf4 3. Bc4 d5 4. Bxd5 Nf6 5. Nc3 Bb4 6. Nf3 O-O 7. O-O Ba5 8.
d3 Bxc3 9. bxc3 Nxd5 10. exd5 Qxd5 11. c4 Qc5+ 12. Kh1 g5 13. Rb1 h6 14. Rb5
Qe7 15. Re1 Be6 16. Nxg5 hxg5 17. Qh5 f6 18. Bb2 Qg7 19. Rxe6 Nd7 20. Re7 Rf7
21. Rxf7 Qxf7 22. Rxg5+ Kf8 23. Qh6+ Ke8 24. Rg7 Qe6 25. Qh5+ 1-0

[Event "La Pobla de Lillet op"]
[Site "La Pobla de Lillet ESP"]
[Date "2011.08.08"]
[Round "7.1"]
[White "Peralta, F.."]
[Black "Ipatov, A.."]
[Result "1/2-1/2"]
[WhiteElo "2601"]
[BlackElo "2562"]
[PlyCount "56"]
[EventDate "2011.08.02"]
[EventType "swiss"]
[EventRounds "9"]
[EventCountry "ESP"]
[SourceTitle "Ajedrez en Madrid"]
[Source "lmi"]
[SourceDate "2020.06.24"]
[SourceVersion "1"]
[SourceVersionDate "2020.06.25"]
[SourceQuality "1"]

1. d4 d5 2. c4 c6 3. Nf3 Nf6 4. Nc3 dxc4 5. a4 Bf5 6. e3 e6 7. Bxc4 Bb4 8. O-O
Nbd7 9. Qe2 O-O 10. e4 Bg6 11. Bd3 Bh5 12. Bf4 Re8 13. e5 Nd5 14. Nxd5 cxd5 15.
h3 a6 16. Rfc1 Bg6 17. Bxg6 fxg6 18. Bd2 Be7 19. Qe1 a5 20. Qe2 Qb6 21. Qb5
Qxb5 22. axb5 Bd8 23. b3 h6 24. Kf1 g5 25. Bb4 Bb6 26. Bc5 Rec8 27. Bxb6 Nxb6
28. Rxc8+ Nxc8 1/2-1/2

[Event "La Pobla de Lillet op"]
[Site "La Pobla de Lillet ESP"]
[Date "2011.08.08"]
[Round "7.2"]
[White "Velicka, P.."]
[Black "Gorbatov, A.."]
[Result "1/2-1/2"]
[WhiteElo "2461"]
[BlackElo "2375"]
[PlyCount "46"]
[EventDate "2011.08.02"]
[EventType "swiss"]
[EventRounds "9"]
[EventCountry "ESP"]
[SourceTitle "Ajedrez en Madrid"]
[Source "lmi"]
[SourceDate "2020.06.24"]
[SourceVersion "1"]
[SourceVersionDate "2020.06.25"]
[SourceQuality "1"]

1. e4 e5 2. Nf3 Nf6 3. Nxe5 d6 4. Nf3 Nxe4 5. c4 Be7 6. d4 O-O 7. Bd3 Nf6 8.
Nc3 Re8 9. O-O Bg4 10. h3 Bh5 11. Re1 Nc6 12. g4 Bg6 13. Bxg6 hxg6 14. d5 Nb8
15. Be3 Nbd7 16. Bd4 c6 17. dxc6 bxc6 18. Qd3 Qc7 19. Re2 Bf8 20. Rae1 Rxe2 21.
Rxe2 Qb7 22. b3 a5 23. Nd2 Ne8 1/2-1/2

[Event "La Pobla de Lillet op"]
[Site "La Pobla de Lillet ESP"]
[Date "2011.08.08"]
[Round "7.3"]
[White "Alvarez Pedraza, A.."]
[Black "Jover Font, P.."]
[Result "1-0"]
[WhiteElo "2551"]
[BlackElo "1712"]
[PlyCount "43"]
[EventDate "2011.08.02"]
[EventType "swiss"]
[EventRounds "9"]
[EventCountry "ESP"]
[SourceTitle "Ajedrez en Madrid"]
[Source "lmi"]
[SourceDate "2020.06.24"]
[SourceVersion "1"]
[SourceVersionDate "2020.06.25"]
[SourceQuality "1"]

1. d4 Nf6 2. c4 e6 3. Nc3 Bb4 4. e3 Bxc3+ 5. bxc3 b6 6. Bd3 Bb7 7. f3 d6 8. Ne2
Nbd7 9. e4 c5 10. O-O O-O 11. a4 Qc7 12. Be3 Ba6 13. Rc1 Nb8 14. Ng3 Nc6 15. f4
e5 16. fxe5 dxe5 17. Rxf6 gxf6 18. Bh6 Kh8 19. Qf3 Qd8 20. Bxf8 Nxd4 21. cxd4
Qxd4+ 22. Kh1 1-0

[Event "La Pobla de Lillet op"]
[Site "La Pobla de Lillet ESP"]
[Date "2011.08.08"]
[Round "7.4"]
[White "Villuendas Valero, A.."]
[Black "Movsziszian, K.."]
[Result "0-1"]
[WhiteElo "2254"]
[BlackElo "2493"]
[PlyCount "78"]
[EventDate "2011.08.02"]
[EventType "swiss"]
[EventRounds "9"]
[EventCountry "ESP"]
[SourceTitle "Ajedrez en Madrid"]
[Source "lmi"]
[SourceDate "2020.06.24"]
[SourceVersion "1"]
[SourceVersionDate "2020.06.25"]
[SourceQuality "1"]

1. d4 d6 2. e4 g6 3. c3 Bg7 4. Nf3 Nf6 5. Bd3 O-O 6. O-O c5 7. h3 Nc6 8. d5 Na5
9. c4 e5 10. Nc3 Ne8 11. a3 b6 12. b4 Nb7 13. Bg5 f6 14. Bh4 h5 15. Nd2 Qe7 16.
Nb3 Bh6 17. bxc5 bxc5 18. a4 Nc7 19. a5 Na6 20. Be2 Qg7 21. Ra3 Nd8 22. Nc1 g5
23. Bg3 g4 24. h4 f5 25. exf5 Bxf5 26. Nb5 Nf7 27. Bd3 e4 28. Bb1 Qf6 29. Ne2
Bg6 30. Nec3 Rfe8 31. Qe2 Re7 32. Nxe4 Bxe4 33. Bxe4 Rae8 34. f3 Nb4 35. a6 Bf4
36. Qf2 Nc2 37. Rc3 Bxg3 38. Qxg3 Nd4 39. Re1 Nxb5 0-1

[Event "La Pobla de Lillet op"]
[Site "La Pobla de Lillet ESP"]
[Date "2011.08.08"]
[Round "7.5"]
[White "Oms Pallisse, J.."]
[Black "Capellades Subirana, M.."]
[Result "1/2-1/2"]
[WhiteElo "2489"]
[BlackElo "2260"]
[PlyCount "26"]
[EventDate "2011.08.02"]
[EventType "swiss"]
[EventRounds "9"]
[EventCountry "ESP"]
[SourceTitle "Ajedrez en Madrid"]
[Source "lmi"]
[SourceDate "2020.06.24"]
[SourceVersion "1"]
[SourceVersionDate "2020.06.25"]
[SourceQuality "1"]

1. d4 Nf6 2. c4 e6 3. Nc3 Bb4 4. Qc2 d5 5. cxd5 exd5 6. Bg5 Qd6 7. e3 Ne4 8.
Bf4 Qg6 9. Qb3 Nc6 10. Nf3 a5 11. a4 O-O 12. Rc1 Re8 13. Bg3 Qh6 1/2-1/2

[Event "La Pobla de Lillet op"]
[Site "La Pobla de Lillet ESP"]
[Date "2011.08.08"]
[Round "7.6"]
[White "Panelo Muñoz, MA.."]
[Black "Ayza Ballester, J.."]
[Result "1-0"]
[WhiteElo "2413"]
[BlackElo "2192"]
[PlyCount "39"]
[EventDate "2011.08.02"]
[EventType "swiss"]
[EventRounds "9"]
[EventCountry "ESP"]
[SourceTitle "Ajedrez en Madrid"]
[Source "lmi"]
[SourceDate "2020.06.24"]
[SourceVersion "1"]
[SourceVersionDate "2020.06.25"]
[SourceQuality "1"]

1. d4 d5 2. c4 dxc4 3. e3 Nf6 4. Bxc4 a6 5. Nf3 b5 6. Bb3 Bb7 7. a4 b4 8. Nbd2
e6 9. O-O Nbd7 10. Re1 c5 11. e4 cxd4 12. e5 Nd5 13. Ne4 Be7 14. Bg5 Nxe5 15.
Nxe5 Bxg5 16. Nxf7 Kxf7 17. Qh5+ Kg8 18. Nxg5 Qe8 19. Qg4 h5 20. Qxd4 1-0

[Event "La Pobla de Lillet op"]
[Site "La Pobla de Lillet ESP"]
[Date "2011.08.08"]
[Round "7.7"]
[White "Korneev, O.."]
[Black "Diaz Lopez, P.."]
[Result "1-0"]
[WhiteElo "2588"]
[BlackElo "1985"]
[PlyCount "65"]
[EventDate "2011.08.02"]
[EventType "swiss"]
[EventRounds "9"]
[EventCountry "ESP"]
[SourceTitle "Ajedrez en Madrid"]
[Source "lmi"]
[SourceDate "2020.06.24"]
[SourceVersion "1"]
[SourceVersionDate "2020.06.25"]
[SourceQuality "1"]

1. e4 e5 2. Nf3 Nc6 3. Bc4 Bc5 4. O-O Nf6 5. d3 O-O 6. h3 h6 7. Nbd2 a6 8. Bb3
d6 9. c3 Ba7 10. Re1 Ne7 11. Nf1 Ng6 12. Ng3 Re8 13. d4 Be6 14. Bc2 Qe7 15. Be3
Bd7 16. a4 c6 17. a5 d5 18. exd5 e4 19. d6 Qxd6 20. Nd2 Qe7 21. Ndxe4 Nd5 22.
Bd2 Qh4 23. Qh5 Bb8 24. Qxh4 Nxh4 25. Nc5 Be6 26. Re4 Bxg3 27. fxg3 Nf5 28.
Rae1 Nd6 29. R4e2 Nc7 30. Bf4 Rad8 31. Bxd6 Rxd6 32. Nxb7 Rd5 33. Be4 1-0

[Event "La Pobla de Lillet op"]
[Site "La Pobla de Lillet ESP"]
[Date "2011.08.08"]
[Round "7.8"]
[White "Garcia Galeote, L.."]
[Black "Simon Padros, E.."]
[Result "1/2-1/2"]
[WhiteElo "2059"]
[BlackElo "2279"]
[PlyCount "56"]
[EventDate "2011.08.02"]
[EventType "swiss"]
[EventRounds "9"]
[EventCountry "ESP"]
[SourceTitle "Ajedrez en Madrid"]
[Source "lmi"]
[SourceDate "2020.06.24"]
[SourceVersion "1"]
[SourceVersionDate "2020.06.25"]
[SourceQuality "1"]

1. d4 e6 2. Nf3 f5 3. g3 Nf6 4. Bg2 d5 5. O-O Bd6 6. Bf4 Bxf4 7. gxf4 O-O 8.
Nbd2 Nbd7 9. Ne5 c5 10. c3 Nxe5 11. fxe5 Ne8 12. f4 cxd4 13. cxd4 Bd7 14. Qb3
Bc6 15. Rf3 Qe7 16. Rg3 a5 17. a3 a4 18. Qc3 Nc7 19. Rc1 Nb5 20. Qd3 Rfc8 21.
Rc5 Na7 22. Qc2 Qe8 23. Qd1 Bb5 24. Rgc3 b6 25. Rxc8 Rxc8 26. Nb1 Bc4 27. e3
Nb5 28. Rc1 Bb3 1/2-1/2

[Event "La Pobla de Lillet op"]
[Site "La Pobla de Lillet ESP"]
[Date "2011.08.08"]
[Round "7.9"]
[White "Basas Gamazo, J.."]
[Black "Pascual Genoves, M.."]
[Result "1-0"]
[WhiteElo "2051"]
[BlackElo "2220"]
[PlyCount "80"]
[EventDate "2011.08.02"]
[EventType "swiss"]
[EventRounds "9"]
[EventCountry "ESP"]
[SourceTitle "Ajedrez en Madrid"]
[Source "lmi"]
[SourceDate "2020.06.24"]
[SourceVersion "1"]
[SourceVersionDate "2020.06.25"]
[SourceQuality "1"]

1. e4 g6 2. d4 Bg7 3. Nc3 c6 4. f4 d6 5. Nf3 Qb6 6. Bc4 Nh6 7. O-O Bg4 8. Ne2
O-O 9. Kh1 e6 10. h3 Bxf3 11. Rxf3 d5 12. Rb3 Qc7 13. Bd3 dxe4 14. Bxe4 Nd7 15.
Be3 Nf6 16. Bf3 Nd5 17. Qd2 Nf5 18. Bf2 Rad8 19. Rd3 Nd6 20. b3 f5 21. c4 Ne4
22. Qe1 Nxf2+ 23. Qxf2 Nxf4 24. Nxf4 Qxf4 25. Rad1 Kh8 26. g3 Qh6 27. Bg2 g5
28. d5 cxd5 29. cxd5 e5 30. d6 g4 31. h4 f4 32. d7 f3 33. Bf1 e4 34. Re3 Qc6
35. Qd2 Qc7 36. Rxe4 Qxg3 37. Qh2 Qxh2+ 38. Kxh2 f2 39. Bc4 h5 40. Kg2 Bf6 1-0

[Event "La Pobla de Lillet op"]
[Site "La Pobla de Lillet ESP"]
[Date "2011.08.08"]
[Round "7.10"]
[White "Gonzalez Aguirre, L.."]
[Black "Garcia Gracia, VH.."]
[Result "0-1"]
[WhiteElo "2207"]
[BlackElo "1919"]
[PlyCount "94"]
[EventDate "2011.08.02"]
[EventType "swiss"]
[EventRounds "9"]
[EventCountry "ESP"]
[SourceTitle "Ajedrez en Madrid"]
[Source "lmi"]
[SourceDate "2020.06.24"]
[SourceVersion "1"]
[SourceVersionDate "2020.06.25"]
[SourceQuality "1"]

1. c4 e5 2. g3 Nc6 3. Bg2 f5 4. Nc3 Nf6 5. d3 g6 6. e4 d6 7. Nge2 Bg7 8. O-O
O-O 9. Nd5 Nxd5 10. cxd5 Ne7 11. Qb3 Kh8 12. Bg5 h6 13. Bxe7 Qxe7 14. Rac1 f4
15. f3 fxg3 16. hxg3 h5 17. Rc2 Bh6 18. d4 a5 19. dxe5 dxe5 20. Qc3 Rf7 21. f4
Bg7 22. Qc5 Qxc5+ 23. Rxc5 b6 24. Rc2 Ba6 25. f5 gxf5 26. Rxf5 Rxf5 27. exf5
Bd3 28. Rd2 Bxf5 29. d6 Rd8 30. Bf3 Rxd6 31. Rxd6 cxd6 32. Nc3 e4 33. Bxe4 Bxe4
34. Nxe4 d5 35. Ng5 Bxb2 36. Ne6 Be5 37. Kf2 Kg8 38. Nd8 Kg7 39. a4 Kf6 40. Kf3
Ke7 41. Nc6+ Kd6 42. Na7 Kc5 43. g4 hxg4+ 44. Kxg4 Bb8 45. Nb5 Kb4 46. Kf5 Kxa4
47. Nc3+ Kb3 0-1

[Event "La Pobla de Lillet op"]
[Site "La Pobla de Lillet ESP"]
[Date "2011.08.08"]
[Round "7.17"]
[White "Rosa Ramirez, VD.."]
[Black "Travesset Barba, J.."]
[Result "1/2-1/2"]
[WhiteElo "1949"]
[BlackElo "2094"]
[PlyCount "68"]
[EventDate "2011.08.02"]
[EventType "swiss"]
[EventRounds "9"]
[EventCountry "ESP"]
[SourceTitle "Ajedrez en Madrid"]
[Source "lmi"]
[SourceDate "2020.06.24"]
[SourceVersion "1"]
[SourceVersionDate "2020.06.25"]
[SourceQuality "1"]

1. e4 d5 2. exd5 Nf6 3. c4 e6 4. dxe6 Bxe6 5. d4 Bb4+ 6. Bd2 Bxd2+ 7. Qxd2 Qe7
8. Qe3 Ng4 9. Qe2 Nc6 10. Nf3 O-O-O 11. d5 Qb4+ 12. Qd2 Bxd5 13. cxd5 Rxd5 14.
Qxb4 Nxb4 15. Na3 Re8+ 16. Be2 Nd3+ 17. Kf1 Ndxf2 18. Bc4 Rf5 19. h3 Nxh1 20.
hxg4 Ng3+ 21. Kg1 Rf4 22. Kh2 Ne4 23. Re1 c6 24. Bb3 Kc7 25. Nc4 f6 26. g5 f5
27. Nce5 Nc5 28. Bf7 Rd8 29. g6 h6 30. a3 Nd3 31. Nxd3 Rxd3 32. Re7+ Rd7 33.
Re8 Rd8 34. Re7+ Rd7 1/2-1/2

[Event "La Pobla de Lillet op"]
[Site "La Pobla de Lillet ESP"]
[Date "2011.08.09"]
[Round "8.1"]
[White "Gorbatov, A.."]
[Black "Peralta, F.."]
[Result "1/2-1/2"]
[WhiteElo "2375"]
[BlackElo "2601"]
[PlyCount "21"]
[EventDate "2011.08.02"]
[EventType "swiss"]
[EventRounds "9"]
[EventCountry "ESP"]
[SourceTitle "Ajedrez en Madrid"]
[Source "lmi"]
[SourceDate "2020.06.24"]
[SourceVersion "1"]
[SourceVersionDate "2020.06.25"]
[SourceQuality "1"]

1. e4 c6 2. Nc3 d5 3. Nf3 Bg4 4. h3 Bxf3 5. Qxf3 Nf6 6. d3 e6 7. a3 Nbd7 8. g3
Be7 9. Bg2 O-O 10. O-O dxe4 11. Nxe4 1/2-1/2

[Event "La Pobla de Lillet op"]
[Site "La Pobla de Lillet ESP"]
[Date "2011.08.09"]
[Round "8.2"]
[White "Ipatov, A.."]
[Black "Alvarez Pedraza, A.."]
[Result "1/2-1/2"]
[WhiteElo "2562"]
[BlackElo "2551"]
[PlyCount "154"]
[EventDate "2011.08.02"]
[EventType "swiss"]
[EventRounds "9"]
[EventCountry "ESP"]
[SourceTitle "Ajedrez en Madrid"]
[Source "lmi"]
[SourceDate "2020.06.24"]
[SourceVersion "1"]
[SourceVersionDate "2020.06.25"]
[SourceQuality "1"]

1. d4 Nf6 2. c4 e6 3. Nf3 Bb4+ 4. Nbd2 O-O 5. g3 b6 6. Bg2 Bb7 7. O-O Be7 8. b3
c5 9. Bb2 cxd4 10. Nxd4 Bxg2 11. Kxg2 Qc7 12. Rc1 d6 13. e3 Nbd7 14. Nb5 Qb8
15. Bxf6 Nxf6 16. Qf3 Rc8 17. Rfd1 a6 18. Nd4 Qc7 19. Ne4 Nd7 20. Nc3 Bf8 21.
Kg1 h6 22. Rc2 g6 23. Qe4 Nf6 24. Qf3 Bg7 25. Rcc1 Rab8 26. Nde2 Qc5 27. Qf4
Rd8 28. Qf3 Ne8 29. Nd4 Rdc8 30. Na4 Qc7 31. Ne2 Qa7 32. Nac3 b5 33. Ne4 Qb6
34. Qf4 g5 35. Qf3 bxc4 36. bxc4 Rc7 37. Rd3 Rbc8 38. Rcd1 Rc6 39. g4 Qb4 40.
N2g3 Be5 41. Nd2 Qa4 42. a3 Qc2 43. Rb3 R6c7 44. Ngf1 Nf6 45. Rdb1 Kg7 46. h3
h5 47. gxh5 Rh8 48. Qg2 Kh6 49. Rb7 Rhc8 50. Rxc7 Rxc7 51. Qa8 Qf5 52. Rb7 Rxb7
53. Qxb7 Nxh5 54. Qf3 Qxf3 55. Nxf3 Bc3 56. N1d2 Nf6 57. Kf1 Kg6 58. Ke2 Bb2
59. a4 Nd7 60. Nb3 Ba3 61. a5 Bb4 62. Nfd4 Ne5 63. Nc2 Bc5 64. Nxc5 dxc5 65.
Na1 Kh5 66. Kf1 Kh4 67. Kg2 f5 68. Nb3 Nd3 69. Nd2 e5 70. e4 g4 71. hxg4 Kxg4
72. exf5 Nf4+ 73. Kf1 Kxf5 74. f3 Ne6 75. Ne4 Kf4 76. Kf2 Nd4 77. Nxc5 Nc6
1/2-1/2

[Event "La Pobla de Lillet op"]
[Site "La Pobla de Lillet ESP"]
[Date "2011.08.09"]
[Round "8.3"]
[White "Movsziszian, K.."]
[Black "Velicka, P.."]
[Result "1-0"]
[WhiteElo "2493"]
[BlackElo "2461"]
[PlyCount "65"]
[EventDate "2011.08.02"]
[EventType "swiss"]
[EventRounds "9"]
[EventCountry "ESP"]
[SourceTitle "Ajedrez en Madrid"]
[Source "lmi"]
[SourceDate "2020.06.24"]
[SourceVersion "1"]
[SourceVersionDate "2020.06.25"]
[SourceQuality "1"]

1. Nf3 d5 2. g3 Nf6 3. Bg2 Bg4 4. c4 c6 5. cxd5 Bxf3 6. Bxf3 cxd5 7. d3 Nc6 8.
O-O e6 9. Nc3 Be7 10. Bg2 O-O 11. a3 Rc8 12. Bd2 a6 13. Rc1 b5 14. b4 Qb6 15.
Qb3 Bd6 16. Qb1 Rc7 17. Kh1 Rfc8 18. h3 Be5 19. Na2 Ne7 20. e3 Ne8 21. Rxc7
Rxc7 22. Rc1 Nd6 23. Rxc7 Qxc7 24. Nc1 Qc8 25. Nb3 Bc3 26. Qc2 Bxd2 27. Qxd2
Nb7 28. Kh2 Qc7 29. Kg1 e5 30. f4 g6 31. Qf2 Nc8 32. e4 dxe4 33. Bxe4 1-0

[Event "La Pobla de Lillet op"]
[Site "La Pobla de Lillet ESP"]
[Date "2011.08.09"]
[Round "8.4"]
[White "Korneev, O.."]
[Black "Panelo Muñoz, MA.."]
[Result "1-0"]
[WhiteElo "2588"]
[BlackElo "2413"]
[PlyCount "79"]
[EventDate "2011.08.02"]
[EventType "swiss"]
[EventRounds "9"]
[EventCountry "ESP"]
[SourceTitle "Ajedrez en Madrid"]
[Source "lmi"]
[SourceDate "2020.06.24"]
[SourceVersion "1"]
[SourceVersionDate "2020.06.25"]
[SourceQuality "1"]

1. e4 e5 2. Nf3 Nc6 3. Bb5 a6 4. Ba4 Nf6 5. O-O Be7 6. Re1 b5 7. Bb3 d6 8. c3
O-O 9. h3 Nb8 10. d4 Nbd7 11. Nbd2 Bb7 12. Bc2 Re8 13. Nf1 Bf8 14. Ng3 g6 15.
b3 exd4 16. cxd4 c5 17. d5 Bg7 18. Bf4 Nxd5 19. exd5 Rxe1+ 20. Qxe1 Qf6 21. Rd1
Qxf4 22. Qe7 Bc8 23. Qd8+ Bf8 24. Re1 Qf6 25. Qc7 Qc3 26. Re2 Nf6 27. Qc6 Rb8
28. Qc7 Ra8 29. Ng5 Bd7 30. N5e4 Nxe4 31. Nxe4 Qa1+ 32. Kh2 Bf5 33. Nxd6 Ra7
34. Qb8 Bxc2 35. Re8 Kg7 36. Rxf8 Qe5+ 37. g3 Qd4 38. Rg8+ Kf6 39. Ne4+ Bxe4
40. Qxa7 1-0

[Event "La Pobla de Lillet op"]
[Site "La Pobla de Lillet ESP"]
[Date "2011.08.09"]
[Round "8.5"]
[White "Sanchez Urpi, O.."]
[Black "Oms Pallisse, J.."]
[Result "0-1"]
[WhiteElo "1952"]
[BlackElo "2489"]
[PlyCount "78"]
[EventDate "2011.08.02"]
[EventType "swiss"]
[EventRounds "9"]
[EventCountry "ESP"]
[SourceTitle "Ajedrez en Madrid"]
[Source "lmi"]
[SourceDate "2020.06.24"]
[SourceVersion "1"]
[SourceVersionDate "2020.06.25"]
[SourceQuality "1"]

1. e4 c6 2. d4 d5 3. Nc3 dxe4 4. Nxe4 Nf6 5. Nxf6+ gxf6 6. Bf4 Bf5 7. Nf3 e6 8.
Nh4 Be4 9. f3 Bg6 10. Nxg6 hxg6 11. Qd2 Bd6 12. O-O-O Qc7 13. Bxd6 Qxd6 14. f4
Nd7 15. Kb1 O-O-O 16. Be2 f5 17. Bf3 Kb8 18. Qe3 Rh4 19. g3 Rh3 20. Bg2 Rhh8
21. h3 Qc7 22. Rhe1 Nf6 23. Qe5 Nh5 24. Qxc7+ Kxc7 25. Re3 Rd7 26. c4 Rhd8 27.
Red3 c5 28. d5 Nf6 29. Kc2 exd5 30. Bxd5 Nxd5 31. Rxd5 Rxd5 32. cxd5 Re8 33.
Rd3 Re2+ 34. Kc3 Kd6 35. a4 b6 36. h4 a6 37. Kc4 Rxb2 38. a5 b5+ 39. Kc3 Ra2
0-1

[Event "La Pobla de Lillet op"]
[Site "La Pobla de Lillet ESP"]
[Date "2011.08.09"]
[Round "8.6"]
[White "Capellades Subirana, M.."]
[Black "Cervello Tost, R.."]
[Result "1-0"]
[WhiteElo "2260"]
[BlackElo "1653"]
[PlyCount "71"]
[EventDate "2011.08.02"]
[EventType "swiss"]
[EventRounds "9"]
[EventCountry "ESP"]
[SourceTitle "Ajedrez en Madrid"]
[Source "lmi"]
[SourceDate "2020.06.24"]
[SourceVersion "1"]
[SourceVersionDate "2020.06.25"]
[SourceQuality "1"]

1. e4 e5 2. Nf3 Nc6 3. Bc4 Bc5 4. c3 Nf6 5. d3 h6 6. b4 Bd6 7. Nbd2 Ne7 8. Bb3
c6 9. Nc4 Qc7 10. Nh4 g5 11. Qf3 Neg8 12. Nf5 Bf8 13. d4 d6 14. dxe5 dxe5 15.
O-O b5 16. Na5 Bxf5 17. Qxf5 c5 18. a4 c4 19. Bc2 a6 20. Rd1 Bg7 21. axb5 axb5
22. Be3 Ne7 23. Qf3 O-O 24. Bc5 Rfd8 25. Rxd8+ Qxd8 26. Rd1 Qc7 27. Bd6 Qa7 28.
Bxe5 Nd7 29. Bxg7 Kxg7 30. Rd6 Ng6 31. e5 Ndxe5 32. Qf6+ Kg8 33. h3 Re8 34. Nc6
Nxc6 35. Bxg6 fxg6 36. Qxg6+ 1-0

[Event "La Pobla de Lillet op"]
[Site "La Pobla de Lillet ESP"]
[Date "2011.08.09"]
[Round "8.7"]
[White "Garcia Gracia, VH.."]
[Black "Basas Gamazo, J.."]
[Result "1-0"]
[WhiteElo "1919"]
[BlackElo "2051"]
[PlyCount "77"]
[EventDate "2011.08.02"]
[EventType "swiss"]
[EventRounds "9"]
[EventCountry "ESP"]
[SourceTitle "Ajedrez en Madrid"]
[Source "lmi"]
[SourceDate "2020.06.24"]
[SourceVersion "1"]
[SourceVersionDate "2020.06.25"]
[SourceQuality "1"]

1. e4 c5 2. Nf3 d6 3. d4 cxd4 4. Nxd4 Nf6 5. Nc3 a6 6. Bg5 e5 7. Nf5 Bxf5 8.
exf5 Nbd7 9. Bc4 Be7 10. O-O O-O 11. Bxf6 Nxf6 12. Nd5 Nxd5 13. Bxd5 Qd7 14.
Qf3 Rab8 15. c4 b5 16. b3 bxc4 17. Bxc4 a5 18. a4 Rfc8 19. Qd5 Bd8 20. Rad1
Qxf5 21. Qxd6 Bb6 22. Rd5 Bd4 23. Rxa5 Qf4 24. g3 Qd2 25. Rd5 h6 26. Qxe5 Rd8
27. Rxd8+ Rxd8 28. Qe7 Rf8 29. Qe2 Qg5 30. Re1 Qf6 31. Bd5 g6 32. Qf3 Qb6 33.
Re7 Bf6 34. Rb7 Qd6 35. a5 Kg7 36. Rb6 Qe5 37. Qxf6+ Qxf6 38. Rxf6 Kxf6 39. a6
1-0

[Event "La Pobla de Lillet op"]
[Site "La Pobla de Lillet ESP"]
[Date "2011.08.09"]
[Round "8.8"]
[White "Jover Font, P.."]
[Black "Garcia Castellote, D.."]
[Result "1-0"]
[WhiteElo "1712"]
[BlackElo "2004"]
[PlyCount "75"]
[EventDate "2011.08.02"]
[EventType "swiss"]
[EventRounds "9"]
[EventCountry "ESP"]
[SourceTitle "Ajedrez en Madrid"]
[Source "lmi"]
[SourceDate "2020.06.24"]
[SourceVersion "1"]
[SourceVersionDate "2020.06.25"]
[SourceQuality "1"]

1. e4 c5 2. Nc3 Nc6 3. g3 g6 4. Bg2 Bg7 5. Nge2 e5 6. O-O Nge7 7. d3 O-O 8. Be3
d6 9. Qd2 Nd4 10. f4 Be6 11. Rf2 f5 12. Raf1 Qd7 13. fxe5 Nxe2+ 14. Nxe2 Bxe5
15. Bh6 Rfe8 16. b3 d5 17. Qg5 dxe4 18. dxe4 Bg7 19. Bxg7 Kxg7 20. Nf4 h6 21.
Nxe6+ Qxe6 22. Qe3 b6 23. Qc3+ Kh7 24. exf5 Nxf5 25. Bxa8 Rxa8 26. g4 Nd4 27.
h3 Re8 28. Qc4 Qe3 29. Qf7+ Kh8 30. Qxe8+ Qxe8 31. Rf8+ Qxf8 32. Rxf8+ Kg7 33.
Rf2 g5 34. c3 Ne6 35. Rd2 Kf6 36. Rd7 Nf4 37. Kh2 Ne2 38. c4 1-0